Statistics for French Coast Spain to Belgium

Click here to take the quiz!

General Stats

  • This quiz has been taken 16 times
  • The average score is 3 of 7

Answer Stats

Name Answer % Correct
NNormandy
86%
BBrittany
79%
P D L LPays de la loire
50%
H D FHauts de france
36%
N ANouvelle Aquitaine
29%
Belgium(Belgium)
14%
Spain(Spain)
14%

Score Distribution

Percentile by Number Answered

Percent of People with Each Score

Your Score History

You have not taken this quiz